Top 20 European Countries With The Strongest Militaries - Statistics

General Stats
  • This quiz has been taken 3,009 times
  • The average score is 18 of 20
Answer Stats
Score Answer % Correct
0.1283 France
99%
0.1382 United Kingdom
99%
0.2322 Germany
98%
0.0501 Russia
98%
0.2901 Spain
97%
0.1801 Italy
96%
0.4179 Poland
93%
0.4231 Sweden
93%
0.3266 Ukraine
93%
0.4506 Greece
90%
0.8149 Finland
89%
0.8124 Portugal
89%
0.5937 Romania
85%
0.5938 Netherlands
83%
0.1961 Turkey
81%
0.7282 Belarus
77%
0.8677 Denmark
77%
0.8633 Hungary
77%
0.6161 Czech Republic
76%
0.5015 Switzerland
76%
No matching quizzes found
Score Distribution
Percent of People with Each Score
Percentile by Number Answered
Your Score History
You have not taken this quiz